Online
Catalog
Normal view MARC view

Entry Nombre personal

Number of records used in: 1

001 - NÚMERO DE CONTROL

  • campo de control: 79718

003 - IDENTIFICADOR DEL NÚMERO DE CONTROL

  • campo de control: DO-SdBNP

005 - FECHA Y HORA DE LA ÚLTIMA TRANSACCIÓN

  • campo de control: 20210903140138.0

008 - DATOS DE LONGITUD FIJA

  • campo de control de longitud fija: 210903|| aca||aabn | a|a d

040 ## - FUENTE DE LA CATALOGACIÓN

  • Centro catalogador/agencia de origen: DO-SdBNP
  • Centro/agencia transcriptor: DO-SdBNP

100 1# - ENCABEZAMIENTO-NOMBRE DE PERSONA

  • Nombre de persona: Rubio, Tomás

370 ## - LUGAR ASOCIADO

  • Lugar de nacimiento: Barcelona (España)

374 ## - OCUPACIÓN

  • Ocupación: Poeta
  • Ocupación: Autor
  • Ocupación: Dramaturgo

375 ## - GÉNERO/SEXO

  • Género/Sexo: Masculino

377 ## - LENGUA/LENGUAJE ASOCIADO

  • Código del idioma: spa

670 ## - FUENTE DE DATOS ENCONTRADOS

  • Cita de la fuente: Rubio, Tomás, Discapacidad, di(s)capacidad :, 2018

Powered by Koha